| 000 | 00747nam a22002057a 4500 | ||
|---|---|---|---|
| 999 |
_c2131 _d2131 |
||
| 003 | AR-CdUCM | ||
| 008 | 190304b ||||| |||| 00| 0 spa d | ||
| 040 |
_aMUNICIPALIDAD PROVINCIAL DEL CUSCO _cBIBLIOTECA MUNICIPAL DEL CUSCO |
||
| 082 |
_a980.051 / _bV66 |
||
| 100 |
_aVillanueva Huertaga, Horacio _97692 |
||
| 245 |
_aGamarra y la Iniciacion Republicana en el Cuzco / _cFondo del Libro del Banco de los Andes |
||
| 260 |
_aLima : _bAustonia, _c1981. |
||
| 300 |
_a321 páginas ; _c21 cm. |
||
| 505 | _aContenido: Vista General del Cusco -- Un cuzqueño elegante -- Desfile de Tropas -- El Sol del Cusco... | ||
| 650 |
_aCusqueñismo _92721 |
||
| 650 |
_aCuzco _97693 |
||
| 650 |
_aRepublica Cusco _97694 |
||
| 942 |
_2ddc _cLIBROS |
||
| 945 | _artm | ||